Normal view
MARC view
Entry Personal Name
001 - CONTROL NUMBER
- control field: 46433
003 - CONTROL NUMBER IDENTIFIER
- control field: ARRUPE
005 - DATE AND TIME OF LATEST TRANSACTION
- control field: 20190521113757.0
008 - FIXED-LENGTH DATA ELEMENTS
- fixed length control field: 190521|| aca||aabn | a|a d
040 ## - CATALOGING SOURCE
- Original cataloging agency: ARRUPE
- Transcribing agency: ARRUPE
100 ## - HEADING--PERSONAL NAME
- Personal name: Kripke, Saul A.,
- Dates associated with a name: 1940-
- Title of a work: Naming and necessity.
670 ## - SOURCE DATA FOUND
- Source citation: Work cat.: (ARRUPE)0: Noonan, Harold W. 3780, The Routledge philosophy guidebook to Kripke and Naming and necessity /, 2013.